000 00659cam a22002413a 4500
001 15797
003 PGUSA
005 20140828083334.0
008 050508s2005||||xxu|||||s|||||000 1 eng d
040 _aPGUSA
_beng
042 _adc
050 4 _aPS
100 1 _aWilson, Harry Leon,
_d1867-1939
245 1 4 _aThe Seeker
_h[electronic resource] /
_cHarry Leon Wilson
260 _bProject Gutenberg,
_c2005
506 _aPublic domain in the USA.
516 _aElectronic text
653 _aFiction
700 1 _aO'Neill, Rose Cecil,
_d1874-1944
830 0 _aProject Gutenberg
_v15797
856 4 0 _uhttp://www.gutenberg.org/ebooks/15797
942 _cEB
999 _c245052
_d245052